| 000 | 00534nam a2200181 i 4500 | ||
|---|---|---|---|
| 001 | 90179 | ||
| 003 | ES-MaACL | ||
| 005 | 20230906180353.0 | ||
| 007 | t| | ||
| 008 | 050119s1980 sp ||||1| spa d | ||
| 100 | 1 |
_aLeal y Leal, Luis. _970982 |
|
| 245 | 1 | 0 |
_aDiccionario naval _b: inglés-español, español-inglés / _cLuis Leal y Leal. |
| 250 | _a3ª ed. | ||
| 260 |
_aMadrid : _bEditorial Naval, _c[1980] |
||
| 300 |
_a232 p. ; _c22 cm. |
||
| 650 | 4 |
_aNavegación- _vDiccionarios. _9152403 |
|
| 852 |
_aES-MaACL _jL-831 _bR.101240 |
||
| 999 |
_c90179 _d90179 |
||